| 000 | 00356nam a22001337a 4500 | ||
|---|---|---|---|
| 999 |
_c526592 _d526592 |
||
| 008 | 240612b ||||| |||| 00| 0 eng d | ||
| 100 |
_aGuha, Biraja Sankar _946068 |
||
| 245 | _aArchitect of Indian Anthropology | ||
| 260 | _aMan In India | ||
| 300 | _a103(4), 2023: p.227-229 | ||
| 773 | _aMan In India | ||
| 906 | _aBOOK REVIEW | ||
| 942 | _cAR | ||